Samājia o sampradāẏa. (Record no. 62639)

MARC details
000 -LEADER
fixed length control field 00574cam a22002291 4500
001 - CONTROL NUMBER
control field sa 65002450
003 - CONTROL NUMBER IDENTIFIER
control field DLC
005 - DATE AND TIME OF LATEST TRANSACTION
control field 20260227112116.0
008 - FIXED-LENGTH DATA ELEMENTS--GENERAL INFORMATION
fixed length control field 940930s1964 ii a 000 0 beno
010 ## - LIBRARY OF CONGRESS CONTROL NUMBER
LC control number sa 65002450
025 ## - OVERSEAS ACQUISITION NUMBER
Overseas acquisition number PL480:I-B-1620
035 ## - SYSTEM CONTROL NUMBER
System control number (OCoLC)31205782
040 ## - CATALOGING SOURCE
Original cataloging agency DLC
Transcribing agency CU
Modifying agency CU
-- DLC
050 00 - LIBRARY OF CONGRESS CALL NUMBER
Classification number HQ670
Item number .B5
100 1# - MAIN ENTRY--PERSONAL NAME
Personal name Bhowmick, P. K.
245 10 - TITLE STATEMENT
Title Samājia o sampradāẏa.
260 ## - PUBLICATION, DISTRIBUTION, ETC.
Date of publication, distribution, etc. [1964]
300 ## - PHYSICAL DESCRIPTION
Extent 50 p.
Other physical details illus.
Dimensions 23 cm.
500 ## - GENERAL NOTE
General note In Bengali.
650 #0 - SUBJECT ADDED ENTRY--TOPICAL TERM
Topical term or geographic name entry element Marriage
Geographic subdivision India.
651 #0 - SUBJECT ADDED ENTRY--GEOGRAPHIC NAME
Geographic name India
General subdivision Social life and customs.

No items available.

Powered by Koha